|
|
|
|
| LEADER |
00000nam0a2200000 4500 |
| 001 |
33895 |
| 005 |
20231101210209.0 |
| 035 |
|
|
|a (RuTPU)RU\TPU\book\34266
|
| 035 |
|
|
|a BOOK00000917
|
| 090 |
|
|
|a 33895
|
| 100 |
|
|
|a 20011210d1976 km y0rusy50 ca
|
| 101 |
0 |
|
|a rus
|
| 102 |
|
|
|a RU
|
| 105 |
|
|
|a y z 000zy
|
| 200 |
1 |
|
|a Неразрушающие методы контроля сварных соединений
|f С. В. Румянцев [и др.]
|
| 210 |
|
|
|a Москва
|c Машиностроение
|d 1976
|
| 215 |
|
|
|a 335 с.
|
| 606 |
1 |
|
|a Сварные соединения и швы
|x Технический контроль
|x Неразрушающие методы
|2 stltpush
|3 (RuTPU)RU\TPU\subj\53993
|9 72156
|
| 610 |
1 |
|
|a сварные соединения
|
| 610 |
1 |
|
|a сварные швы
|
| 610 |
1 |
|
|a технический контроль
|
| 610 |
1 |
|
|a неразрушающие методы
|
| 675 |
|
|
|a 621.791.05
|v 3
|
| 675 |
|
|
|a 620.179
|v 3
|
| 701 |
|
1 |
|a Румянцев
|b С. В.
|g Степан Васильевич
|
| 701 |
|
1 |
|a Добромыслов
|b В. А.
|g Валентин Александрович
|
| 701 |
|
1 |
|a Борисов
|b О. И.
|g Олег Иванович
|
| 701 |
|
1 |
|a Азаров
|b Н. Т.
|g Николай Тихонович
|
| 801 |
|
0 |
|a RU
|b 63413507
|c 20011210
|g PSBO
|
| 801 |
|
2 |
|a RU
|b 63413507
|c 20220310
|g PSBO
|
| 900 |
|
|
|a Контроль качества сварных соединений
|
| 942 |
|
|
|c BK
|